Państwa z najwyższą stopą bezrobocia - Statystyki

Ogólne statystyki
  • Ten quiz został rozwiązany 103 razy
  • Średni wynik to 5 z 20
Statystyki odpowiedzi
%bezrobocia Państwo % Poprawnych
60 Republika Południowej Afryki
58%
95 Zimbabwe
47%
30 Mali
44%
60 Mozambik
42%
27,3 Lesotho
39%
48 Senegal
34%
40,6 Eswatini
31%
51,2 Namibia
31%
30 Mauretania
30%
59 Dżibuti
29%
35 Jemen
28%
46 Nepal
23%
90 Nauru
19%
26,5 Kosowo
17%
38,2 Kiribati
16%
36 Bośnia i Hercegowina
15%
70 Turkmenistan
15%
60 Tadżykistan
14%
30,9 Wyspy Marshalla
11%
24,5 Grenada
4%
Nie znaleziono quizów pasujących do podanych kryteriów
Rozkład punktacji
Procent ludzi z każdym wynikiem
Percentyl według liczby udzielonych odpowiedzi
Twoja historia wyników
Nie rozwiązałeś tego quizu